000 00820 a2200217 4500
008 080820t xxu||||| |||| 00| 0 eng d
010 _aENG-84822
020 _a8181160282
_c795.00
035 _aEN-68355
037 _bD.B.Act / Pub
082 _a379
100 _aRaina, M. K.
245 _aDevelopment of education
_cby M. K. Raina
260 _aNew Delhi
_bMaxford Books
_c2006.
270 _a4393/4, First Floor, Ansari Road, Darya Ganj, New Delhi
_bNew Delhi
_cDelhi
_e110002
_mmaxfordbooks@hotmail.com
300 _a297 p. ;
_c21 cm. (Hb)
500 _aIncludes bibliographical references
650 _aEducation
_xdevelopment
942 _adpl
_cEN
_k379 / RAI
_2ddc
_h379
_mRAI
999 _c480
_d480